[Event "XIII TCh-RUS 1st League"]
[Site "Sochi RUS"]
[Date "2006.04.23"]
[Round "4"]
[White "Sambuev,B"]
[Black "Nevostrujev,V"]
[Result "1/2-1/2"]
[WhiteElo "2489"]
[BlackElo "2471"]
[EventDate "2006.04.20"]

1. d4 Nf6 2. c4 g6 3. Nc3 d5 4. cxd5 Nxd5 5. Bd2 Bg7 6. e4 Nxc3 7. Bxc3 c5
8. d5 O-O 9. Qd2 Bxc3 10. bxc3 e6 11. d6 Qh4 12. Qe3 f5 13. e5 Nc6 14. Bb5
Bd7 15. Nf3 Qe4 16. O-O Qxe3 17. fxe3 Nxe5 18. Nxe5 Bxb5 19. c4 Ba4 20.
Rab1 b6 21. Rb2 Rad8 22. Rd2 Kg7 23. e4 Kf6 24. Ng4+ Kg7 25. Ne5 h5 26. Re1
g5 27. Nf3 Kf6 28. e5+ Kg6 29. h4 gxh4 30. Nxh4+ Kh6 31. Rf1 Bc6 32. Rf4
Rg8 33. Kf2 Rg4 34. g3 Be4 35. Rxg4 hxg4 36. Ke3 Kg5 37. Ng2 Bxg2 38. Rxg2
Rh8 39. Rd2 f4+ 40. gxf4+ Kf5 41. d7 Rd8 42. a3 b5 43. cxb5 c4 44. a4 c3
45. Rd3 c2 46. Rc3 Rxd7 47. Rxc2 Rh7 48. Rc8 Rh3+ 49. Kd4 Ra3 50. Rf8+ Kg6
51. Rf6+ Kh5 52. Rxe6 g3 53. Re8 Kg4 54. Rg8+ Kxf4 55. Rf8+ Kg5 56. Kd5
Rxa4 57. e6 g2 58. Rg8+ Kf6 59. Rxg2 Rb4 60. Rf2+ Ke7 61. Rf7+ Ke8 62. Kc5
Ra4 63. Rb7 Kd8 64. Kd6 Rd4+ 65. Ke5 Ra4 66. Kf6 Rf4+ 67. Kg7 Re4 68. Kf6
Rf4+ 69. Ke5 Ra4 70. Rd7+ Ke8 71. Rd4 Ra1 72. Kd6 Ra2 73. Rd5 Ra1 74. e7
Ra2 75. Rh5 Rd2+ 76. Kc6 Ra2 77. Rh7 Ra6+ 78. Kc5 Rg6 79. Rh8+ Kxe7 80.
Rh7+ Kd8 1/2-1/2

[Event "XIII TCh-RUS 1st League"]
[Site "Sochi RUS"]
[Date "2006.04.23"]
[Round "4"]
[White "Abasheev,D"]
[Black "Isupov,Vl"]
[Result "0-1"]
[WhiteElo "2440"]
[BlackElo "2421"]
[EventDate "2006.04.20"]

1. e4 c5 2. Nf3 d6 3. d4 cxd4 4. Nxd4 Nf6 5. Nc3 a6 6. Be3 e5 7. Nf3 Be7 8.
Bc4 O-O 9. O-O Be6 10. Bb3 h6 11. Nh4 Nc6 12. Nf5 Na5 13. Qf3 Nxb3 14. axb3
Bxf5 15. Qxf5 Qc8 16. Qf3 b5 17. Qe2 Qc6 18. Qd3 Rfc8 19. Rfc1 b4 20. Nd5
Nxd5 21. exd5 Qb7 22. Rab1 a5 23. c4 Bg5 24. Bxg5 hxg5 25. c5 Rxc5 26. Rxc5
dxc5 27. Rd1 Rd8 28. d6 Qc6 29. Kf1 e4 30. Qd5 Qxd5 31. Rxd5 f6 32. Ke2 Kf7
33. Rxc5 Rxd6 34. f3 Rd3 35. Rxa5 Rxb3 36. fxe4 Rxb2+ 37. Kf3 g4+ 38. Kg3
Re2 39. Ra7+ Kf8 40. Kxg4 Rxg2+ 41. Kf4 Rxh2 42. Rb7 Rf2+ 43. Kg4 Rb2 44.
Kf5 b3 45. Ke6 Kg8 46. Rb8+ Kh7 47. Kf7 Rb1 48. Rb4 Kh6 49. Rb5 b2 50. Rb8
g6 51. Rb3 Kh5 0-1

[Event "XIII TCh-RUS 1st League"]
[Site "Sochi RUS"]
[Date "2006.04.23"]
[Round "4"]
[White "Shuraev,A"]
[Black "Obolenskikh,D"]
[Result "1/2-1/2"]
[WhiteElo "2390"]
[BlackElo "2458"]
[EventDate "2006.04.20"]

1. c4 Nf6 2. Nc3 g6 3. g3 Bg7 4. Bg2 O-O 5. d4 d6 6. Nf3 c5 7. O-O Nc6 8.
dxc5 dxc5 9. Bf4 Be6 10. Ne5 Na5 11. Nd3 Nh5 12. Nxc5 Nxf4 13. gxf4 Bxc4
14. Nd7 Re8 15. Ne5 Qb6 16. b3 Be6 17. Rc1 Rac8 18. Na4 Qb5 19. Nc3 Qb4 20.
Ne4 Bf5 21. Qd2 Qxd2 22. Nxd2 f6 23. Nec4 Nxc4 24. Nxc4 b6 25. Ne3 Be6 26.
Nd5 Kf7 27. Nc7 Red8 28. Bb7 Rb8 29. Nxe6 Kxe6 30. Ba6 Rd2 31. a4 Kd6 32.
Rfd1 Rxd1+ 33. Rxd1+ Kc7 34. Rc1+ Kd6 35. Bb5 Rb7 36. Rc6+ Kd5 37. Rc8 Kd6
38. Rd8+ Kc5 39. Rc8+ Kd6 40. e4 Rc7 41. Rd8+ Kc5 42. f5 Bh6 43. Rh8 Bf4
44. Rxh7 g5 45. h4 1/2-1/2

[Event "XIII TCh-RUS 1st League"]
[Site "Sochi RUS"]
[Date "2006.04.23"]
[Round "4"]
[White "Ionov,S"]
[Black "Burmakin,V"]
[Result "1/2-1/2"]
[WhiteElo "2519"]
[BlackElo "2541"]
[EventDate "2006.04.20"]

1. d4 c6 2. c4 d5 3. Nf3 Nf6 4. Nc3 a6 5. cxd5 cxd5 6. Bf4 e6 7. e3 Bd6 8.
Bg3 b5 9. Bd3 Bb7 10. Rc1 O-O 11. Bb1 Nc6 12. Ne5 Rc8 13. O-O Be7 14. Nd3
Qb6 15. Nc5 Rfd8 16. Ne2 Na5 17. b4 Nc4 18. Bh4 Bc6 19. Nf4 Re8 20. Bxf6
Bxf6 21. Nh5 Bd8 22. Qg4 g6 23. Rfd1 a5 24. bxa5 Qxa5 25. Nf4 Qc7 26. h4
Qe7 27. h5 Qg5 28. Qf3 Be7 29. hxg6 hxg6 30. Nfd3 Kg7 31. g3 Bd6 32. Kf1
Ba8 33. Nb3 f6 34. Kg1 e5 35. Ndc5 Kf7 36. Kg2 exd4 37. exd4 Ne3+ 38. Kg1
Nxd1 39. Rxd1 Re7 40. Bd3 b4 41. Bf1 Rce8 42. Nd3 Re4 43. Ndc5 R4e7 44. Nd3
Bc6 45. Nbc5 Bxc5 46. dxc5 Re4 47. Rb1 Bb5 48. a4 Bxa4 49. Nxb4 Bd7 50. c6
Be6 51. Na6 Bc8 52. Nc7 Rd8 53. Na8 Qe5 54. Nb6 Bf5 55. Qa3 Qc7 56. Qc5 Re6
57. Rc1 Red6 58. Bg2 Be6 59. f4 Kg7 60. g4 d4 61. g5 fxg5 62. Qe5+ Kh7 63.
Kf2 Qg7 64. Rh1+ Kg8 65. c7 Qxe5 66. cxd8=Q+ Rxd8 67. fxe5 Rb8 68. Na4 Rb5
69. Rd1 Rxe5 70. Rxd4 g4 71. Nb2 Kg7 72. Nd3 Ra5 73. Nf4 Bf5 74. Nd5 Kh6
75. Ne3 1/2-1/2

[Event "XIII TCh-RUS 1st League"]
[Site "Sochi RUS"]
[Date "2006.04.23"]
[Round "4"]
[White "Goloshchapov,A"]
[Black "Anisimov,P"]
[Result "1/2-1/2"]
[WhiteElo "2556"]
[BlackElo "2500"]
[EventDate "2006.04.20"]

1. e4 c5 2. Nf3 d6 3. d4 cxd4 4. Nxd4 Nf6 5. Nc3 a6 6. Be3 e5 7. Nb3 Be6 8.
f3 h5 9. Nd5 Bxd5 10. exd5 Nbd7 11. Qd2 Qc7 12. c4 a5 13. Rc1 b6 14. Be2 g6
15. O-O Bg7 16. Na1 O-O 17. Nc2 Nc5 18. Na3 h4 19. Nb5 Qe7 20. b3 Nh5 21.
Bd1 f5 22. a3 h3 23. gxh3 Rfc8 24. b4 axb4 25. axb4 Nd7 26. Bb3 Kh7 27. Kh1
Ra6 28. Rg1 Qf6 29. Rg2 f4 30. Bf2 e4 31. Bd4 Ne5 32. Rcg1 Nxf3 33. Bxf6
Nxd2 34. Bxg7 Nxb3 35. Rxg6 Ng3+ 36. hxg3 Kxg6 37. gxf4+ Kh7 38. f5 Nd2 39.
Nxd6 Rg8 40. f6 Nf3 41. Nxe4 Ra2 42. Ng5+ Nxg5 43. Rxg5 Re8 44. Rg2 Rxg2
45. Kxg2 Rc8 46. h4 Rxc4 47. h5 Rxb4 48. h6 Rf4 49. d6 Kg8 50. Kg3 Rf1 51.
Bf8 Rxf6 52. Be7 Rxd6 1/2-1/2

[Event "XIII TCh-RUS 1st League"]
[Site "Sochi RUS"]
[Date "2006.04.23"]
[Round "4"]
[White "Bachin,V"]
[Black "Ivanov,Al3"]
[Result "1-0"]
[WhiteElo "2490"]
[BlackElo "2375"]
[EventDate "2006.04.20"]

1. e4 c5 2. Nc3 Nc6 3. g3 g6 4. Bg2 Bg7 5. f4 d6 6. Nf3 e6 7. O-O Nge7 8.
d3 O-O 9. Bd2 Rb8 10. Rb1 b5 11. a3 a5 12. a4 b4 13. Nb5 d5 14. c4 dxc4 15.
dxc4 Qd3 16. Re1 Bb7 17. Be3 Rfd8 18. Qxd3 Rxd3 19. Bxc5 Rbd8 20. Kf2 Nc8
21. Bf1 R3d7 22. e5 Bf8 23. Bxf8 Kxf8 24. Ng5 Rd2+ 25. Re2 Ke7 26. Nxh7
Rxe2+ 27. Bxe2 Rh8 28. Nf6 Rxh2+ 29. Ke3 Nb6 30. Rd1 b3 31. Rd6 g5 32. fxg5
Rg2 33. g4 Ba8 34. Nc7 Bb7 35. g6 fxg6 36. c5 1-0

[Event "XIII TCh-RUS 1st League"]
[Site "Sochi RUS"]
[Date "2006.04.23"]
[Round "4"]
[White "Smirnov,Arte"]
[Black "Rogovski,V"]
[Result "0-1"]
[WhiteElo "2392"]
[BlackElo "2476"]
[EventDate "2006.04.20"]

1. d4 c5 2. d5 e5 3. c4 d6 4. e4 Be7 5. Nf3 Bg4 6. Nbd2 Nf6 7. Bd3 O-O 8.
h3 Bd7 9. Qe2 Nh5 10. Nb1 Nf4 11. Bxf4 exf4 12. Nc3 Bf6 13. Qd2 Be5 14.
Nxe5 dxe5 15. O-O-O Na6 16. g3 fxg3 17. f4 Qh4 18. f5 Nc7 19. Rhg1 Ne8 20.
Rdf1 Nd6 21. Rf3 Kh8 22. Rfxg3 Rg8 23. Rg5 Qh6 24. h4 f6 25. R5g3 Qxd2+ 26.
Kxd2 a6 27. h5 b5 28. b3 h6 29. a3 Rad8 30. cxb5 axb5 31. b4 c4 32. Be2 Ra8
33. Ra1 Ra7 34. Kc1 Rga8 35. Kb2 Be8 36. Rgg1 Kg8 37. Ra2 Kf8 38. Bf3 Nf7
39. Rga1 Ng5 40. Be2 Rb8 41. Kc2 Ke7 42. Bg4 Kd6 43. Kd2 Rba8 44. Ke3 Nh7
45. Bd1 Ng5 46. a4 Kc7 47. Be2 Kb6 48. d6 Bc6 49. Rd1 Rd7 50. Rad2 Nf7 51.
axb5 Ra3 52. bxc6 Rxc3+ 53. Kf2 Kxc6 54. Rd5 Rxd6 55. b5+ Kd7 56. Ra1 Rxd5
57. Ra7+ Ke8 58. exd5 Nd6 59. b6 Rb3 60. Rxg7 Rxb6 61. Rc7 Rb2 62. Ke1 Kd8
63. Rc6 Kd7 64. Kd1 Rb5 65. Bxc4 Nxc4 66. Rxc4 Rxd5+ 67. Ke2 Rd4 68. Rc1
Rf4 69. Rg1 Rxf5 70. Rg6 Ke6 71. Rxh6 Kf7 72. Ke3 Rg5 73. Rh7+ Kg8 74. Ra7
Rxh5 75. Ke4 Rh7 76. Ra8+ Kf7 77. Kd5 Rh4 78. Ra7+ Kg6 79. Ke6 Rb4 80. Ra1
Rb6+ 81. Kd5 Rb8 82. Ke6 Re8+ 83. Kd7 Kf7 84. Rh1 e4 85. Rh7+ Kg6 0-1

[Event "XIII TCh-RUS 1st League"]
[Site "Sochi RUS"]
[Date "2006.04.23"]
[Round "4"]
[White "Babiy,A"]
[Black "Lovkov,R"]
[Result "1/2-1/2"]
[WhiteElo "2474"]
[BlackElo "2371"]
[EventDate "2006.04.20"]

1. d4 d5 2. Nf3 Nf6 3. c4 c6 4. Nc3 dxc4 5. a4 Bf5 6. Ne5 Nbd7 7. Nxc4 Nb6
8. e3 e6 9. Qb3 Qc7 10. f3 Be7 11. e4 Bg6 12. Be3 O-O 13. Be2 Nfd7 14. O-O
Kh8 15. Rac1 Nxc4 16. Qxc4 Qa5 17. Rfd1 Rfe8 18. Qb3 Nb6 19. Kh1 Bf8 20.
Ra1 Rad8 21. Nb1 Bb4 22. Na3 Rd7 23. Nc2 Bf8 24. Ne1 Qh5 25. Rd2 Bd6 26. f4
Qa5 27. Bf3 Qb4 28. Qa2 Qc4 29. b3 Qc3 30. Nd3 Qa5 31. Rad1 Red8 32. Rc2
Nc8 33. Qa1 f6 34. Qc1 Bf7 35. Nb2 Ba3 36. Qb1 Bb4 37. Nd3 Be7 38. Qc1 Bf8
39. h3 h6 40. Nc5 Bxc5 41. Rxc5 Qc7 42. Rc3 Ne7 43. Re1 f5 44. e5 Nd5 45.
Bxd5 Rxd5 46. Rc4 Be8 47. Rc5 Qe7 48. Rxd5 Rxd5 49. Qc3 Qf8 50. Kh2 Qe7 51.
Ra1 Kg8 52. Qe1 Kh7 53. Rc1 a6 1/2-1/2

[Event "XIII TCh-RUS 1st League"]
[Site "Sochi RUS"]
[Date "2006.04.23"]
[Round "4"]
[White "Baklan,V"]
[Black "Belozerov,A"]
[Result "1-0"]
[WhiteElo "2606"]
[BlackElo "2538"]
[EventDate "2006.04.20"]

1. e4 c5 2. Nf3 e6 3. Nc3 d6 4. d4 cxd4 5. Nxd4 Nc6 6. g3 Nf6 7. Bg2 Bd7 8.
Ndb5 Qb8 9. Bg5 a6 10. Bxf6 gxf6 11. Nd4 Be7 12. Qd2 Nxd4 13. Qxd4 Qa7 14.
Qd2 Qc5 15. O-O-O Rb8 16. Rhe1 b5 17. e5 fxe5 18. Ne4 Qd4 19. Qh6 Qb6 20.
f4 f5 21. fxe5 fxe4 22. exd6 Bf8 23. Qf6 Rg8 24. Rf1 Qe3+ 25. Kb1 Qg5 26.
Qf7+ Kd8 27. Bxe4 Qg7 28. Qf2 Ke8 29. Qa7 Rd8 30. Qxa6 Qe5 31. Bc6 Bg7 32.
Bxd7+ Rxd7 33. Qc8+ Rd8 34. Qc6+ Rd7 35. Qc8+ Rd8 36. Qc6+ Rd7 37. c3 Rf8
38. Qc8+ Rd8 39. d7+ 1-0

[Event "XIII TCh-RUS 1st League"]
[Site "Sochi RUS"]
[Date "2006.04.23"]
[Round "4"]
[White "Maslak,K"]
[Black "Zontakh,A"]
[Result "1/2-1/2"]
[WhiteElo "2549"]
[BlackElo "2553"]
[EventDate "2006.04.20"]

1. e4 c6 2. d4 d5 3. e5 Bf5 4. Nc3 e6 5. g4 Bg6 6. Nge2 c5 7. h4 h5 8. Nf4
Bh7 9. Nxh5 cxd4 10. Nb5 Nc6 11. Nxd4 Nge7 12. Bg5 Qa5+ 13. c3 Nxd4 14.
Qxd4 Nc6 15. Qf4 d4 16. Rh3 dxc3 17. bxc3 Qxe5+ 18. Qxe5 Nxe5 19. Nf6+ gxf6
20. Bxf6 Rg8 21. Bxe5 Rxg4 22. Bb5+ Ke7 23. O-O-O Bh6+ 24. Kb2 a6 25. Rd7+
Kf8 26. Bd3 Bxd3 27. Rhxd3 Bg7 28. Bxg7+ Kxg7 29. Rf3 Rf8 30. Rxb7 Rxh4 31.
Rb6 a5 32. Rb5 Ra8 33. Rb7 Rf8 34. Kb3 Kg6 35. c4 f5 36. c5 a4+ 37. Ka3 Rc4
38. Rb4 Rxc5 39. Kxa4 Rd8 40. Kb3 Rd1 41. Re3 Kf6 42. f4 Rb1+ 1/2-1/2

[Event "XIII TCh-RUS 1st League"]
[Site "Sochi RUS"]
[Date "2006.04.23"]
[Round "4"]
[White "Chebotarev,O"]
[Black "Kolesnikov,E"]
[Result "1-0"]
[WhiteElo "2493"]
[BlackElo "2381"]
[EventDate "2006.04.20"]

1. e4 c5 2. Nf3 e6 3. d4 cxd4 4. Nxd4 a6 5. Bd3 Nf6 6. O-O Qc7 7. Qe2 Nc6
8. Nxc6 bxc6 9. c4 e5 10. Nc3 Be7 11. Na4 O-O 12. c5 a5 13. Be3 Rb8 14.
Rac1 Ne8 15. b3 Qa7 16. Bc4 Nc7 17. Qh5 Bf6 18. Bg5 Bxg5 19. Qxg5 Re8 20.
Rc3 Ba6 21. Rg3 g6 22. Bxa6 Qxa6 23. Rf3 Ne6 24. Qxe5 Qe2 25. Nb6 Qd2 26.
Qf6 Ng5 27. Rf4 h6 28. Nc4 Qxa2 29. h4 Re6 30. Qd4 Nh7 31. Rxf7 Kxf7 32.
Qxd7+ Re7 33. Ne5+ Kf6 34. Qd6+ Re6 35. Ng4+ Kf7 36. Qxb8 Qe2 37. Nxh6+ Ke7
38. Qc7+ 1-0

[Event "XIII TCh-RUS 1st League"]
[Site "Sochi RUS"]
[Date "2006.04.23"]
[Round "4"]
[White "Yurtaev,L"]
[Black "Zimmerman,Y"]
[Result "1/2-1/2"]
[WhiteElo "2519"]
[BlackElo "2396"]
[EventDate "2006.04.20"]

1. e4 d6 2. d4 Nf6 3. Nc3 g6 4. Be2 Bg7 5. Nf3 O-O 6. O-O Bg4 7. a4 Nc6 8.
d5 Nb4 9. a5 Bd7 10. Re1 c6 11. Ra4 Na6 12. Ra3 Qc8 13. Bf1 Re8 14. Bg5 Nc7
15. h3 cxd5 16. exd5 b5 17. Rb3 Rb8 18. Qd2 Qa6 19. Bxf6 Bxf6 20. Ne4 Bg7
21. Neg5 h6 22. Rbe3 hxg5 23. Rxe7 Qc8 24. Nxg5 Rxe7 25. Rxe7 Be8 26. Nxf7
Bxf7 27. Qf4 Qf8 28. Rxc7 Bxd5 29. Rxg7+ Qxg7 30. Qxd6 Qb7 31. a6 Qa8 32.
Qxg6+ Kf8 33. Qf6+ Bf7 34. Qd6+ Kg8 35. Qg3+ 1/2-1/2

[Event "XIII TCh-RUS 1st League"]
[Site "Sochi RUS"]
[Date "2006.04.23"]
[Round "4"]
[White "Gladyszev,O"]
[Black "Shkurikhin,I"]
[Result "0-1"]
[WhiteElo "2430"]
[BlackElo "2279"]
[EventDate "2006.04.20"]

1. d4 Nf6 2. c4 c5 3. d5 e6 4. Nc3 exd5 5. cxd5 d6 6. e4 g6 7. f4 Bg7 8.
Bb5+ Nfd7 9. a4 O-O 10. Nf3 Na6 11. O-O Nb4 12. Re1 a6 13. Bf1 Re8 14. Bd2
Rb8 15. Qb3 b5 16. axb5 axb5 17. Nd1 Na6 18. Nf2 c4 19. Qc2 Nac5 20. Bc3
Nf6 21. Rad1 Qb6 22. Bd4 Ng4 23. e5 Bf5 24. Qc3 Nxf2 25. Bxf2 Qc7 26. exd6
Qxd6 27. Rxe8+ Rxe8 28. Qb4 Rc8 29. Qxb5 Nd3 30. Bxd3 Bxd3 31. Ne1 Be4 32.
Bd4 Qxf4 33. Bxg7 Qe3+ 34. Kf1 Kxg7 35. Qb4 Qf4+ 36. Kg1 Qe3+ 37. Kf1 Rc5
38. Qc3+ Qxc3 39. bxc3 Rxd5 40. Rxd5 Bxd5 41. Kf2 Kf6 42. Ke3 Ke5 43. g3
Be4 44. h4 f5 45. Ke2 h6 46. Ke3 g5 47. hxg5 hxg5 48. Ke2 f4 49. g4 Kd5 50.
Kf2 Kc5 51. Ke2 Kb5 52. Nf3 Bxf3+ 53. Kxf3 Ka4 54. Ke4 Kb3 55. Kd4 f3 0-1

[Event "XIII TCh-RUS 1st League"]
[Site "Sochi RUS"]
[Date "2006.04.24"]
[Round "5"]
[White "Kosyrev,V"]
[Black "Ionov,S"]
[Result "1/2-1/2"]
[WhiteElo "2546"]
[BlackElo "2519"]
[EventDate "2006.04.20"]

1. d4 Nf6 2. Nf3 e6 3. c4 b6 4. e3 Bb7 5. Bd3 d5 6. b3 Bd6 7. Bb2 O-O 8.
Nc3 Nbd7 9. O-O a6 10. Qe2 Ne4 11. a3 Qe7 12. b4 Nxc3 13. Bxc3 dxc4 14.
Bxc4 1/2-1/2

[Event "XIII TCh-RUS 1st League"]
[Site "Sochi RUS"]
[Date "2006.04.24"]
[Round "5"]
[White "Anisimov,P"]
[Black "Kazhgaleyev,M"]
[Result "0-1"]
[WhiteElo "2500"]
[BlackElo "2600"]
[EventDate "2006.04.20"]

1. e4 e5 2. Nf3 Nc6 3. Bc4 Bc5 4. c3 Nf6 5. d3 a6 6. O-O d6 7. Bb3 O-O 8.
h3 Ba7 9. Re1 h6 10. Nbd2 Ne7 11. Nf1 Ng6 12. d4 b5 13. Ng3 Bb7 14. Bc2 Re8
15. a4 exd4 16. cxd4 c5 17. d5 c4 18. Nf5 b4 19. a5 Bc5 20. b3 c3 21. N3d4
Bc8 22. g4 Nh7 23. Qd3 Qf6 24. Nc6 Nh4 25. Bf4 g6 26. Nxh4 Qxf4 27. Qf3 Qd2
28. Qe2 Ng5 29. Kg2 Qf4 30. f3 h5 31. Rad1 Kg7 32. Nd4 Rh8 33. Rh1 Nxh3 34.
Rxh3 hxg4 35. Nhf5+ Bxf5 36. Nxf5+ gxf5 37. Rg3 Rh4 38. exf5 Rah8 39. f6+
Kxf6 0-1

[Event "XIII TCh-RUS 1st League"]
[Site "Sochi RUS"]
[Date "2006.04.24"]
[Round "5"]
[White "Dobrov,V"]
[Black "Sivokho,S"]
[Result "0-1"]
[WhiteElo "2510"]
[BlackElo "2469"]
[EventDate "2006.04.20"]

1. d4 Nf6 2. c4 c5 3. d5 b5 4. cxb5 a6 5. bxa6 g6 6. Nc3 Bxa6 7. g3 d6 8.
Bg2 Bg7 9. Nf3 Nbd7 10. Rb1 Ra7 11. O-O Qa8 12. b3 Nb6 13. Nh4 O-O 14. a4
Rb8 15. Bb2 Rab7 16. Qc2 Nbd7 17. Ba3 Rb6 18. Nf3 Ng4 19. Nd2 Bd4 20. h3
Ngf6 21. Kh2 Ne5 22. Nde4 Nxe4 23. Nxe4 Qb7 24. f4 Nc4 25. bxc4 Rxb1 26.
Bc1 Qb3 27. Qd2 Qxc4 28. f5 Qxe2 29. Qf4 R8b2 30. Nd2 Rxc1 31. fxg6 Rxf1
32. gxf7+ Kf8 0-1

[Event "XIII TCh-RUS 1st League"]
[Site "Sochi RUS"]
[Date "2006.04.24"]
[Round "5"]
[White "Lanin,A"]
[Black "Skorchenko,D"]
[Result "1-0"]
[WhiteElo "2447"]
[BlackElo "2473"]
[EventDate "2006.04.20"]

1. e4 e6 2. d4 d5 3. Nc3 Nf6 4. Bg5 Bb4 5. e5 h6 6. Be3 Ne4 7. Qg4 g5 8. h4
h5 9. Qd1 c5 10. Nge2 Nc6 11. a3 cxd4 12. axb4 dxe3 13. Nxe4 dxe4 14. Qxd8+
Kxd8 15. hxg5 exf2+ 16. Kxf2 Nxe5 17. Nc3 Ng4+ 18. Kg3 Ne3 19. Re1 Nf5+ 20.
Kf4 Nd6 21. g4 h4 22. Rd1 Ke7 23. Ke5 Rd8 24. Rxh4 a5 25. b5 a4 26. Rh7 a3
27. g6 a2 28. Rxd6 Rxd6 29. Rxf7+ Ke8 30. Kxd6 a1=Q 31. Nxe4 1-0

[Event "XIII TCh-RUS 1st League"]
[Site "Sochi RUS"]
[Date "2006.04.24"]
[Round "5"]
[White "Danin,A"]
[Black "Smirnov,Arte"]
[Result "1-0"]
[WhiteElo "2432"]
[BlackElo "2392"]
[EventDate "2006.04.20"]

1. e4 c5 2. Nf3 d6 3. d4 cxd4 4. Nxd4 Nf6 5. Nc3 a6 6. Bg5 e6 7. f4 Nbd7 8.
Qf3 Qc7 9. O-O-O b5 10. e5 Bb7 11. Qh3 dxe5 12. Nxe6 fxe6 13. Qxe6+ Be7 14.
Nxb5 axb5 15. Bxb5 Be4 16. Rd2 Kf8 17. Bxd7 Bg6 18. fxe5 Bf7 19. exf6 Bxf6
20. Qxf6 gxf6 21. Bh6+ Kg8 22. Rd3 Rxa2 23. Kb1 Ra6 24. Bf5 Qa5 25. Ra3
Qxf5 26. Rxa6 Bc4 27. Ra8+ Kf7 28. Rxh8 Kg6 29. Bd2 Qd5 30. Bc3 Qxg2 31.
Re1 Qxh2 32. Rc8 Bd5 33. Rd8 Bc4 34. Rd4 Bb5 35. Rd2 Qf4 36. Rd4 Qh2 37.
Rg4+ Kf5 38. Rb4 Qb8 39. Rf1+ Kg5 40. Bxf6+ Kg6 41. Bc3 Qe8 42. Rg4+ Kh5
43. Rfg1 Bc6 44. Bf6 1-0

[Event "XIII TCh-RUS 1st League"]
[Site "Sochi RUS"]
[Date "2006.04.24"]
[Round "5"]
[White "Lovkov,R"]
[Black "Gubajdullin,A"]
[Result "1-0"]
[WhiteElo "2371"]
[BlackElo "2413"]
[EventDate "2006.04.20"]

1. d4 Nf6 2. Nf3 c5 3. c4 cxd4 4. Nxd4 b6 5. Nc3 Bb7 6. f3 d6 7. e4 e6 8.
Be2 Be7 9. Nc2 O-O 10. Ne3 Nbd7 11. O-O a6 12. Kh1 Rc8 13. Qd2 Qc7 14. Rd1
Qb8 15. b3 Bd8 16. Qe1 Bc7 17. Bd2 Kh8 18. Rac1 g5 19. Qf2 Rg8 20. Nf1 Rg7
21. Be3 Rcg8 22. Bd4 h5 23. b4 Bd8 24. Rd2 g4 25. fxg4 Ne5 26. Rcd1 Be7 27.
a3 Bxe4 28. Ng3 Ba8 29. gxh5 Nfd7 30. h6 Rh7 31. Be3 f5 32. Bf4 Nf7 33. Bf3
Nde5 34. Bxa8 Qxa8 35. Qe2 Qc6 36. Rd4 Ng4 37. Qxe6 Nfxh6 38. Kg1 Bf6 39.
Rxd6 Qa8 40. Nce2 Re7 41. Qd5 Qe8 42. Bxh6 Rxe2 43. Nxe2 Qxe2 44. Qd2 Qe4
45. h3 Ne5 46. Kh1 Qh4 47. Rxf6 Qxf6 48. Be3 Kh7 49. Qe2 b5 50. Bd4 Rd8 51.
Bc3 Ng4 52. Rxd8 Qxd8 53. hxg4 1-0

[Event "XIII TCh-RUS 1st League"]
[Site "Sochi RUS"]
[Date "2006.04.24"]
[Round "5"]
[White "Vorobiov,E"]
[Black "Pokazanjev,N"]
[Result "1-0"]
[WhiteElo "2540"]
[BlackElo "2479"]
[EventDate "2006.04.20"]

1. d4 d5 2. c4 c6 3. Nf3 Nf6 4. e3 a6 5. Nc3 e6 6. b3 Bb4 7. Bd2 Nbd7 8.
Bd3 O-O 9. O-O Qe7 10. Ne5 Nxe5 11. dxe5 Nd7 12. f4 f6 13. Qc2 h6 14. a3
Bc5 15. b4 Ba7 16. exf6 Nxf6 17. c5 e5 18. e4 b6 19. exd5 bxc5 20. Bc4 Kh8
21. Kh1 Ng4 22. h3 Bf5 23. Bd3 Bxd3 24. Qxd3 cxb4 25. d6 Qh4 26. Ne4 exf4
27. Bxf4 Nf2+ 28. Nxf2 Bxf2 29. Be5 Rae8 30. Bb2 bxa3 31. Rxa3 Bc5 32. Raa1
Qg5 33. d7 Rd8 34. Rxf8+ Bxf8 35. Re1 Be7 36. Re6 Kg8 37. Qc4 Kf8 38. Qxc6
Qf5 39. Bxg7+ Kf7 40. Re1 h5 41. Qc4+ Kxg7 42. Rxe7+ Kf8 43. Qb4 1-0

[Event "XIII TCh-RUS 1st League"]
[Site "Sochi RUS"]
[Date "2006.04.24"]
[Round "5"]
[White "Nevostrujev,V"]
[Black "Evdokimov,Alexa"]
[Result "1-0"]
[WhiteElo "2471"]
[BlackElo "2486"]
[EventDate "2006.04.20"]

1. e4 c5 2. Nf3 d6 3. d4 cxd4 4. Nxd4 Nf6 5. Nc3 Nc6 6. Bg5 Bd7 7. Qd2 Rc8
8. f4 Nxd4 9. Qxd4 Qa5 10. e5 dxe5 11. fxe5 e6 12. O-O-O Bc6 13. Nb5 Bxb5
14. exf6 Bc6 15. h4 g6 16. Bc4 Bc5 17. Qe5 Bb4 18. Qe3 Ba4 19. Bxe6 Rxc2+
20. Kb1 O-O 21. Bb3 Rxg2 22. Rd5 Qa6 23. h5 Bxb3 24. Qxb3 Qe6 25. hxg6 Qe4+
26. Ka1 Rxg5 27. Qh3 Qxh1+ 28. Qxh1 Rxg6 29. a3 Bxa3 30. bxa3 Rxf6 31. Rh5
Re8 32. Rxh7 Re1+ 33. Qxe1 Kxh7 34. Qh1+ Kg8 35. Qg1+ Rg6 36. Qxa7 b6 37.
Kb2 Kg7 38. a4 Re6 39. Kc3 Re4 40. Kb3 Re6 41. Qc7 Rg6 42. Kc4 Re6 43. Kb5
Kg6 44. Qxb6 Rxb6+ 45. Kxb6 f5 46. Kc5 f4 47. Kd4 Kf5 48. a5 Kg4 49. a6 f3
50. Ke3 Kg3 51. a7 f2 52. Ke2 1-0

[Event "XIII TCh-RUS 1st League"]
[Site "Sochi RUS"]
[Date "2006.04.24"]
[Round "5"]
[White "Kovchan,A"]
[Black "Isupov,Vl"]
[Result "1/2-1/2"]
[WhiteElo "2499"]
[BlackElo "2421"]
[EventDate "2006.04.20"]

1. e4 c5 2. Nf3 d6 3. d4 cxd4 4. Nxd4 Nf6 5. Nc3 a6 6. Be2 e5 7. Nb3 Be7 8.
O-O Be6 9. a4 Nbd7 10. Bf3 O-O 11. Re1 Ne8 12. Nd2 Bg5 13. b3 Rc8 14. Bb2
Qc7 15. Be2 Nef6 16. a5 Rcd8 17. Nc4 Nc5 18. Nd5 Nxd5 19. exd5 Bf5 20. Bf1
Bg6 21. b4 Nd7 22. Ba3 Nf6 23. f3 e4 24. Bb2 Rfe8 25. Bd4 1/2-1/2

[Event "XIII TCh-RUS 1st League"]
[Site "Sochi RUS"]
[Date "2006.04.24"]
[Round "5"]
[White "Shuraev,A"]
[Black "Tunik,G"]
[Result "1/2-1/2"]
[WhiteElo "2390"]
[BlackElo "2484"]
[EventDate "2006.04.20"]

1. c4 Nf6 2. Nc3 e5 3. g3 Bb4 4. Bg2 O-O 5. Nf3 Bxc3 6. bxc3 d6 7. O-O Nbd7
8. Rb1 Re8 9. d3 e4 10. Nd2 Nc5 11. d4 Ncd7 12. f3 exf3 13. Bxf3 c5 14. e4
Rb8 15. Qc2 b6 16. Ba3 Bb7 17. Rbe1 Qc7 18. Qd3 Re7 19. Re2 Rbe8 20. Rfe1
Nf8 21. Nf1 Qb8 22. g4 Ng6 23. Bc1 Rc7 24. Ng3 Ba6 25. e5 dxe5 26. dxe5 Nd7
27. e6 Rxe6 28. Rxe6 fxe6 29. Rxe6 Ndf8 30. Rd6 Qe8 31. Be4 Bb7 32. Rd8
Bxe4 33. Nxe4 Rd7 34. Rxd7 Nxd7 35. Qd5+ Kh8 36. Nd6 Qe1+ 37. Kg2 h6 38.
Nf7+ Kh7 39. Qxd7 Qxc1 40. Qf5 Qxc3 41. g5 h5 42. Nh8 Qd2+ 43. Kf3 Qd1+ 44.
Kg2 Qe2+ 45. Kg1 Kxh8 46. Qxg6 h4 47. Qf5 Qe3+ 48. Kf1 Qc1+ 49. Kg2 Qb2+
50. Kh3 Qc3+ 51. Kxh4 Qxc4+ 52. Kg3 Qc3+ 53. Kg2 Qd2+ 54. Kg1 Qe1+ 55. Kg2
Qd2+ 56. Kg1 Qe1+ 57. Kg2 Qd2+ 1/2-1/2

[Event "XIII TCh-RUS 1st League"]
[Site "Sochi RUS"]
[Date "2006.04.24"]
[Round "5"]
[White "Lykov,V"]
[Black "Petukhov,D"]
[Result "0-1"]
[WhiteElo "2234"]
[BlackElo "2315"]
[EventDate "2006.04.20"]

1. e4 c5 2. c3 d5 3. exd5 Qxd5 4. d4 Nf6 5. Nf3 e6 6. Be2 Nc6 7. O-O cxd4
8. cxd4 Be7 9. Nc3 Qd8 10. Be3 O-O 11. Ne5 Nb4 12. Bf3 Nbd5 13. Qb3 h6 14.
Rac1 Nxe3 15. fxe3 Nd7 16. Nxf7 Rxf7 17. Qxe6 Nf6 18. Qc4 g6 19. e4 Kg7 20.
e5 Nh7 21. Bd5 Rxf1+ 22. Rxf1 Bf5 23. Bxb7 Rb8 24. Be4 Rb4 25. Qc6 Qxd4+
26. Kh1 Qxe5 27. Bxf5 gxf5 28. Qd7 Nf6 29. Qxa7 Ng4 0-1

[Event "XIII TCh-RUS 1st League"]
[Site "Sochi RUS"]
[Date "2006.04.24"]
[Round "5"]
[White "Smikovski,I"]
[Black "Lastin,A"]
[Result "1/2-1/2"]
[WhiteElo "2549"]
[BlackElo "2610"]
[EventDate "2006.04.20"]

1. e4 e5 2. Nf3 Nc6 3. Bb5 a6 4. Ba4 Nf6 5. O-O Be7 6. Re1 b5 7. Bb3 O-O 8.
h3 Bb7 9. d3 d6 10. a3 Na5 11. Ba2 c5 1/2-1/2

[Event "XIII TCh-RUS 1st League"]
[Site "Sochi RUS"]
[Date "2006.04.24"]
[Round "5"]
[White "Rustemov,A"]
[Black "Slizhevsky,A"]
[Result "1-0"]
[WhiteElo "2565"]
[BlackElo "2435"]
[EventDate "2006.04.20"]

1. Nf3 Nf6 2. c4 g6 3. b4 Bg7 4. Bb2 O-O 5. e3 b6 6. d3 c5 7. a3 e6 8. Nbd2
d5 9. cxd5 exd5 10. bxc5 bxc5 11. Qc2 Nbd7 12. Be2 Re8 13. O-O d4 14. e4
Nd5 15. Rfc1 Rb8 16. Bf1 Ne3 17. fxe3 Rxb2 18. Qxb2 dxe3 19. d4 exd2 20.
Qxd2 cxd4 21. Bc4 Bf6 22. Qf4 Bb7 23. Re1 Ne5 24. Nxe5 Rxe5 25. Rab1 Bc6
26. Rb3 Kg7 27. Rf3 Rc5 28. Bxf7 Bg5 29. Qg4 Be3+ 30. Kh1 Rg5 31. Qh4 Qd6
32. Rfxe3 Rh5 33. Qg3 1-0